000 01384nam0a2200361 4500
001 RU\NLR\BIBL_A\012660640
005 20220329113240.0
010 _a978-5-907358-60-7
_91000
021 _aRU
_bКН-П-21-053353
_9КН-П-21-4186
035 _a(NLR Aleph) 012660640
090 _a12754800
_c12754800
100 _a20211208d2021 u y0rusy50 ca
101 1 _arus
_cfre
102 _aRU
105 _aa|||z|||000zy
181 0 _ai3
_bab2e
182 0 _an
200 1 _aДатабиография
_dDatabiographie
_eроман
_fШарли Дельварт
_gперевод с французского Дмитрия Савосина
_zfre
203 _aТекст
_bвизуальный
_cнепосредственный
210 _aМосква
_cГородец
_d2021
215 _a362, [5] с.
_cил.
_d19
225 1 _aКоллекция Бегбедера
300 _aАвт. также фр.: Charly Delwart
320 _aУказ. в конце кн.
510 1 _6z11790
_aDatabiographie
_zfre
686 1 _aШ6(4Б)267-440.4{Лх1548-45}
700 1 _7ca
_8rus
_aДельварт
_bШ.
_f1975-
_gШарли
_9240710
_3RU\NLR\AUTH\770240766
790 1 _6z11510
_aDelwart
_bС.
_gCharly
942 _cBOOK
980 _aNB